Southville International School and Colleges
Your cart is empty.
  • Cart
  • Lists
    Public lists Eva Luna New books Lux_list list_1
    Your lists Log in to create your own lists
  • Log in to your account
  • Your cookies
  • Search history
Southville International School and Colleges
  • Advanced search
  • Recent comments
  • Most popular
  • Libraries

Log in to your account

Log in with GOOGLE


If you do not have an external account, but do have a local account, you can still log in:

  1. Home
  2. MARC view: Parent involvement begins at birth :
Normal view MARC view ISBD view

Parent involvement begins at birth : (Record no. 104072)

[ view plain ]
MARC details
000 -LEADER
fixed length control field 00832nam a2200205 a 4500
005 - DATE AND TIME OF LATEST TRANSACTION
control field 20140412111312.0
008 - FIXED-LENGTH DATA ELEMENTS--GENERAL INFORMATION
fixed length control field 010330s19uu xx 00 eng d
020 ## - INTERNATIONAL STANDARD BOOK NUMBER
International Standard Book Number 0-205-17415-9
050 ## - LIBRARY OF CONGRESS CALL NUMBER
Classification number TR(GS 649.1
Item number G64 1997
100 ## - MAIN ENTRY--PERSONAL NAME
Personal name Goldberg, Sally
245 ## - TITLE STATEMENT
Title Parent involvement begins at birth :
Remainder of title collaboration between parent and teachers of children in the early years /
Statement of responsibility, etc Sally Goldberg.
260 ## - PUBLICATION, DISTRIBUTION, ETC. (IMPRINT)
Place of publication, distribution, etc Needham Heights, MA :
Name of publisher, distributor, etc Allyn and Bacon,
Date of publication, distribution, etc 1997.
300 ## - PHYSICAL DESCRIPTION
Extent xv p. ; 219 p.
500 ## - GENERAL NOTE
General note Includes bibliographical references
650 ## - SUBJECT ADDED ENTRY--TOPICAL TERM
Topical term or geographic name as entry element Parenting - Studying and Teaching - United States
650 ## - SUBJECT ADDED ENTRY--TOPICAL TERM
Topical term or geographic name as entry element Child development - Study and Teaching - United States
650 ## - SUBJECT ADDED ENTRY--TOPICAL TERM
Topical term or geographic name as entry element Infants - Care development - Study and Teaching - United States
650 ## - SUBJECT ADDED ENTRY--TOPICAL TERM
Topical term or geographic name as entry element Toddler-Care-Study and Teaching-United States
Holdings
Withdrawn status Lost status Damaged status Home library Current library Shelving location Date acquired Source of acquisition Total Checkouts Full call number Barcode Date last seen Price effective from Koha item type
      Elizalde Library Elizalde Library Teachers Reference Section 03/30/2001     TR(GS 649.1 G64 1997 E6345 04/12/2014 04/12/2014 Books

Parent involvement begins at birth :

APA

Goldberg S., . (1997). Parent involvement begins at birth. Needham Heights, MA: Allyn and Bacon.

Chicago

Goldberg Sally, . 1997. Parent involvement begins at birth. Needham Heights, MA: Allyn and Bacon.

Harvard

Goldberg S., . (1997). Parent involvement begins at birth. Needham Heights, MA: Allyn and Bacon.

MLA

Goldberg Sally, . Parent involvement begins at birth. Needham Heights, MA: Allyn and Bacon. 1997.

  • Place hold
  • Print
  • Cite
  • Add to your cart (remove)
  • Save record
    BIBTEX Dublin Core MARCXML MARC (non-Unicode/MARC-8) MARC (Unicode/UTF-8) MARC (Unicode/UTF-8, Standard) MODS (XML) RIS
  • More searches
    Search for this title in:
    Other Libraries (WorldCat) Other Databases (Google Scholar) Online Stores (Bookfinder.com) Open Library (openlibrary.org)

Exporting to Dublin Core...

SOUTHVILLE LIBRARY

Southville International School and Colleges Library

1281 Tropical Ave. Cor. Luxembourg St., BF Homes International, Las Pinas City

Tel. No. 8256374 / 252358 Loc. 117/146

Powered by Koha